Inanimate Insanity Elimination Order - Statistics

General Stats
  • This quiz has been taken 269 times
    68 since last reset
  • The average score is 30 of 57
Answer Stats
Placement Contestant % Correct
1st OJ
98%
2nd Taco
98%
3rd Paper
88%
4th Pickle
88%
5th Bow
73%
7th Marshmallow
71%
6th Apple
69%
16th Baseball
63%
8th Bomb
63%
3rd Baseball
60%
2nd Knife
60%
4th Lightbulb
60%
9th Paintbrush
60%
1st Suitcase
60%
1st Cabby
58%
15th Knife
58%
10th Salt
58%
2nd Balloon
54%
5th Blueberry
54%
5th Test Tube
54%
20th Tissues
54%
13th Balloon
52%
7th Fan
52%
11th Lightbulb
52%
6th Microphone
52%
4th Nickel
52%
8th Paintbrush
52%
12th Pepper
52%
3rd Silver Spoon
52%
6th Yin-Yang
52%
19th Cherries
50%
9th Marshmallow
50%
14th Nickel
50%
15th Yin-Yang
50%
14th Apple
48%
11th Balloon
48%
17th Box
48%
10th Nickel
48%
12th Soap
48%
18th Trophy
48%
13th Cheesy
46%
16th Dough
46%
18th Fan
44%
22nd Lightbulb
44%
16th OJ
44%
7th Bot
42%
17th Lifering
42%
24th Jack
40%
23rd MeTag
40%
9th Paintbrush
40%
14th Tea Kettle
38%
8th Candle
35%
12th Goo
35%
15th Box
33%
13th Clover
33%
11th Test Tube
33%
10th The Floor
33%
No matching quizzes found
Score Distribution
Percent of People with Each Score
Percentile by Number Answered
Your Score History
You have not taken this quiz since the last reset